000 00726nam a2200217Ia 4500
005 20241129111403.0
008 241129s9999||||xx |||||||||||||| ||und||
020 _a978-81-246-1146-3
037 _aTB
040 _aCRL
_bhin
_cCRL
041 _ahin
_2hin
084 _aR6947x6,4 152R2
_qCRL
100 _aधर्मकीर्ति, ले.
245 0 _aप्रमाणवार्त्तिकम्
_cधर्मकीर्ति, ले.
260 _aनई दिल्ली, भारत
_bडी. के. प्रिंटवल्ड
_c2022
300 _a1273पृ0
365 _aINR
_b3500
650 _aPhilosophy
942 _cTB
_hR6947x6,4 152R2
999 _c1230225
_d1230225